000 00616nam a2200241Ia 4500
001 38268
005 20240114002003.0
007 ta
008 070705s1930 a g b000 u 465 u
040 _aCotton College Assam
041 _a465
082 _a530
_bAd 14 P
100 _aAdan, N K .
245 0 _aPhysics &Chemistry of Surfaces /
_cN K Adan.
_hTextual Documents
250 _aist /
260 _aLondon :
_bClarendon Press ,
_c1930.
300 _a332pg :
_bill ;
_c29cm .
653 _aChemistry
653 _aT/G-Chemistry
942 _2ddc
_cBK
999 _c38244
_d38244